Australia's first parliament, Parliament House, New South Wales / (Record no. 2442)

MARC details
000 -LEADER
fixed length control field 00824nam a2200253 a 4500
001 - CONTROL NUMBER
control field 3863454
003 - CONTROL NUMBER IDENTIFIER
control field OSt
005 - DATE AND TIME OF LATEST TRANSACTION
control field 20230623110630.0
008 - FIXED-LENGTH DATA ELEMENTS--GENERAL INFORMATION
fixed length control field 930714s1987 at b 000 0 eng
010 ## - LIBRARY OF CONGRESS CONTROL NUMBER
LC control number 88174960
020 ## - INTERNATIONAL STANDARD BOOK NUMBER
International Standard Book Number 073053183X
040 ## - CATALOGING SOURCE
Original cataloging agency DLC
Transcribing agency DLC
043 ## - GEOGRAPHIC AREA CODE
Geographic area code u-at-ne
082 ## - DEWEY DECIMAL CLASSIFICATION NUMBER
Classification number 328.994
Item number NSW
245 00 - TITLE STATEMENT
Title Australia's first parliament, Parliament House, New South Wales /
Statement of responsibility, etc. [edited by Maisy Stapleton].
260 ## - PUBLICATION, DISTRIBUTION, ETC. (IMPRINT)
Place of publication, distribution, etc. [Sydney, N.S.W.] :
Name of publisher, distributor, etc. Parliament NSW,
Date of publication, distribution, etc. 1987.
300 ## - PHYSICAL DESCRIPTION
Extent 176 p. :
Other physical details ill. (some col.) ;
Dimensions 34 cm.
504 ## - BIBLIOGRAPHY, ETC. NOTE
Bibliography, etc Includes bibliographical references (p. 176).
610 20 - SUBJECT ADDED ENTRY--CORPORATE NAME
Corporate name or jurisdiction name as entry element New South Wales.
Subordinate unit Parliament
General subdivision Buildings.
650 #0 - SUBJECT ADDED ENTRY--TOPICAL TERM
Topical term or geographic name as entry element Public buildings
Geographic subdivision Australia
-- Sydney (N.S.W.)
700 1# - ADDED ENTRY--PERSONAL NAME
Personal name Stapleton, Maisy.
906 ## - LOCAL DATA ELEMENT F, LDF (RLIN)
a 7
b cbc
c orignew
d 3
e ncip
f 19
g y-gencatlg
942 ## - ADDED ENTRY ELEMENTS (KOHA)
Source of classification or shelving scheme Dewey Decimal Classification
Koha item type Books
Holdings
Withdrawn status Lost status Source of classification or shelving scheme Damaged status Not for loan Home library Current library Date acquired Total Checkouts Full call number Barcode Date last seen Price effective from Koha item type
    Dewey Decimal Classification     County Hall Archives County Hall Archives 06/23/2023   328.994 NSW 10011373 06/23/2023 06/23/2023 Books
LIBRARY OPENING HOURS

When the Parliament is sitting: 8.00a.m - 7.00p.m or until the house adjourns
Mondays and Fridays and when the House is on Recess:  8.00a.m - 5.00p.m
Closed on Weekends and Public Holidays

Online Public Access Catalog (OPAC)
Website: http://www.parliament.go.ke
Bunge Library: https://libraryir.parliament.go.ke
Contact: library@parliament.go.ke | Tel no: (254-2)2221291 or 2848000 Ext 5043